Turizmus zlepšuje ekonomiku, zvyšuje zamestnanosť

Potenciál, ktorý má Slovensko v oblasti cestovného ruchu, je zatiaľ nevyužitý. Potreba rozvoja cestovného ruchu. Chýba systémové riešenie. Podmienky na rozvoj cestovného ruchu.

Guardado en:
Detalles Bibliográficos
Autor principal: Čajko, Jozef
Formato: Capítulo de libro
Lenguaje:eslovaco
Materias:
Etiquetas: Agregar Etiqueta
Sin Etiquetas, Sea el primero en etiquetar este registro!

MARC

LEADER 00000naa a2200000 4500
001 r042156
005 20230801100341.8
041 0 |a slo 
044 |a SK 
245 1 0 |a Turizmus zlepšuje ekonomiku, zvyšuje zamestnanosť  |c Jozef Čajko 
520 |a Potenciál, ktorý má Slovensko v oblasti cestovného ruchu, je zatiaľ nevyužitý. Potreba rozvoja cestovného ruchu. Chýba systémové riešenie. Podmienky na rozvoj cestovného ruchu. 
610 2 0 |a ruch cestovný 
610 2 0 |a ruch cestovný aktívny 
610 2 0 |a ruch cestovný domáci 
610 2 0 |a ruch cestovný zahraničný 
610 2 0 |a rozvoj hospodársky 
100 1 |a Čajko, Jozef